| 000 | 01094nac a22002531u 4500 | ||
|---|---|---|---|
| 010 | _a 2001275288 | ||
| 020 | _a0471498319 | ||
| 035 | _a(OCoLC)ocm45735911 | ||
| 082 | 0 | 0 |
_a658.84 _bBAR |
| 090 |
_c5706 _d5706 |
||
| 100 | _aBarrow, Colin. | ||
| 245 | 1 | 0 |
_aHow to survive the e-business downturn / _cColin Barrow. |
| 260 |
_aChichester ; _aNew York, NY. : _bJohn Wiley,2000 _c2000. |
||
| 300 |
_axv, 224 p. : _bill. ; _c22 cm. |
||
| 500 | _adistributer: Al-Ahram | ||
| 504 | _aIncludes bibliographical references ([p. 219]-221) and index. | ||
| 511 | _acataloued by: wessam | ||
| 650 | 0 | _aElectronic commerce. | |
| 856 | 4 | 2 |
_3Contributor biographical information _uhttp://www.loc.gov/catdir/bios/wiley043/2001275288.html |
| 856 | 4 | 2 |
_3Publisher description _uhttp://www.loc.gov/catdir/description/wiley035/2001275288.html |
| 856 | 4 | 2 |
_3Table of contents _uhttp://www.loc.gov/catdir/toc/wiley021/2001275288.html |
| 942 |
_cBB _k658.84BAR |
||
| 999 |
_c5706 _d5706 |
||